000 01044nam a22003017a 4500
001 6583
003 FISKH
005 20250512153305.0
008 250512b cb ||||| |||| 00| 0 eng d
020 _a0439474701
040 _aFISKH
_beng
_cFISKH
_dFISKH
050 _aPZ7.B447497 C
082 _a800
100 _aBentley, Nancy
245 _aThe case of the garden monster /
_cBy Nancy Bentley ; Illustrated by Hector Borlasca
250 _aThis edition first published in 2003
260 _aNew York :
_bScholastic,
_c2003
300 _a32 pages :
_bcolor illustrations ;
_c20 cm
505 _aN
520 _aWhen Nick's sister, Rachel is strung by a strange insect he knows he has a nother case to solve. Will Nick, the Nature Investigator be able to solve the mystery before the sneaky stinger strikes again?
521 8 _a540
_bLexile
521 8 _aN
_bRaz-Plus
650 _2Young readers
_aYouth
650 _2Mystery
_aFiction
700 _aBorlasca, Hector
_dillustrator
942 _2ddc
_cBK
_n0
999 _c6583
_d6583